| 000 | 01231cam a22003854a 4500 | ||
|---|---|---|---|
| 001 | 6431552 | ||
| 005 | 20150828104536.0 | ||
| 008 | 070709s2007 enk b 001 0 eng | ||
| 010 | _a 2007027732 | ||
| 020 | _a0415418186 (hbk : alk. paper) | ||
| 020 | _a9780415418188 (hbk : alk. paper) | ||
| 020 | _a0415418194 (pbk : alk. paper) | ||
| 020 | _a9780415418195 (pbk : alk. paper) | ||
| 020 | _a020393332X (ebk.) | ||
| 020 | _a9780203933329 (ebk.) | ||
| 024 | _a40015052928 | ||
| 035 | _a(OCoLC)155715179 | ||
| 035 | _a(OCoLC)ocn155715179 | ||
| 035 | _a(NhCcYBP) 2007027732 | ||
| 035 | _a(NNC)6431552 | ||
| 040 |
_aDLC _cDLC _dBAKER _dBTCTA _dYDXCP _dBWKUK _dNhCcYBP |
||
| 050 | 0 | 0 |
_aB3199.A34 _bW55 2007 |
| 082 | 0 | 0 |
_a193 _222 |
| 100 | 1 |
_aWilson, Ross. _919147 |
|
| 245 | 1 | 0 |
_aTheodor Adorno / _cRoss Wilson. |
| 260 |
_aLondon ; _aNew York : _bRoutledge, _c2007. |
||
| 300 |
_aix, 141 p. ; _c21 cm. |
||
| 490 | 1 | _aRoutledge critical thinkers | |
| 504 | _aIncludes bibliographical references (p. [131]-135) and index. | ||
| 600 | 1 | 0 |
_aAdorno, Theodor W., _d1903-1969. _912432 |
| 830 | 0 |
_aRoutledge critical thinkers. _91237 |
|
| 942 |
_2lcc _cMONOGRAPH |
||
| 948 | 1 |
_a20080218 _bc _csl13 _dMPS |
|
| 999 |
_c123180 _d123180 |
||